000 00247nam a22001097a 4500
005 20180912093027.0
008 180912b xxu||||| |||| 00| 0 eng d
245 _aConstruction World
260 _aMumbai
_bASAPP
_c2018
300 _ap182
942 _cJRL
999 _c5736
_d5734